Statistics for Biggest Cities In Kazakhstan

Click here to take the quiz!

General Stats

  • This quiz has been taken 19 times
  • The average score is 8 of 15

Answer Stats

RankPopulationCity% Correct
11,916,000Almaty
100%
21,136,000Nur-Sultan
100%
5497,000Karaganda
79%
31,036,000Shymkent
79%
4500,000Aktobe
50%
15188,000Aktau
43%
12271,000Atyrau
43%
7343,000Pavlodar
43%
14219,000Petropavl
43%
9327,000Semey
43%
11279,000Kyzylorda
36%
10309,000Uralsk
36%
13248,000Kostanay
29%
6358,000Taraz
21%
8333,000Oskemen
14%

Score Distribution

Percentile by Number Answered

Percent of People with Each Score

Your Score History

You have not taken this quiz